[Event "TUR-ch Youth"]
[Site "Denizli"]
[Date "2022.05.24"]
[Round "1"]
[White "Ozirmak, Cagan Mir"]
[Black "Cilek, Bora"]
[Result "0-1"]
[WhiteElo "1096"]
[BlackElo "2114"]
[PlyCount "116"]
[EventDate "2022.05.24"]
[EventType "swiss"]
[EventRounds "9"]
[EventCountry "TUR"]
[SourceTitle "EXT 2023"]
[Source "ChessBase"]
[SourceDate "2022.10.05"]
[SourceVersion "1"]
[SourceVersionDate "2022.10.05"]
[SourceQuality "1"]

1. d4 Nf6 2. Bf4 c5 3. e3 Qb6 4. b3 cxd4 5. exd4 d6 6. Nf3 g6 7. Be2 Bg7 8. 0-0 0-0 9. Re1 Nc6 10. c3 Re8 11. Nbd2 Qc7 12. Nf1 e5 13. dxe5 dxe5 14. Bg3 Nh5 15. Ne3 Nxg3 16. hxg3 e4 17. Nd4 Nxd4 18. cxd4 Qd6 19. Nc4 Qxd4 20. Qxd4 Bxd4 21. Rac1 Rd8 22. Red1 Be6 23. Na5 Rab8 24. Kf1 Bb6 25. Rxd8+ Bxd8 26. Nc4 Rc8 27. Rd1 Be7 28. Ne3 Kg7 29. Bc4 Bxc4+ 30. Nxc4 b5 31. Ne5 Bf6 32. Ng4 Bg5 33. Rd5 f5 34. Rd7+ Kg8 35. Ne5 Rc1+ 36. Ke2 Rc2+ 37. Kd1 Rxa2 38. Nf7 Rd2+ 39. Rxd2 Bxd2 40. Nd6 e3 41. Nxb5 exf2 42. Ke2 Be3 43. Nc3 Kf7 44. Nd1 Bb6 45. Nxf2 Bxf2 46. Kxf2 Kf6 47. Kf3 Kg5 48. b4 a6 49. g4 fxg4+ 50. Ke4 h5 51. Kd5 h4 52. Kc6 h3 53. gxh3 gxh3 54. Kb6 h2 55. Kxa6 h1Q 56. b5 Qa8+ 57. Kb6 Qb8+ 58. Ka6 Kf4 0-1